• 首页
  • 本馆介绍
  • 公告通知
  • 最新文献
  • 馆藏检索
  • 电子资源
  • 读者导购
  • 参考咨询
  • 我的图书馆
  • 登录
  • 详细信息显示
  • 放入我的书架
  • 预约/预借图书
  • 作者相关作品
  • 分类相关作品
  • 丛书相关作品
  • 出版社相关作品

书目信息

  • 表格格式
  • 工作单格式
  • 卡片格式
题名:
财务报表阅读与分析
    
 
作者: 梁玲玲 编著
分册:  
出版信息: 北京   企业管理出版社  2011
页数: 178页
开本: 24cm
丛书名:
单 册:
中图分类: F275.2
科图分类:
主题词: 企业--会计报表--分析 , 企业 , 会计报表
电子资源:
ISBN: 978-7-80255-795-6
000 00929nam0 2200253 450
001 5
005 20140909092446.35
010    @a978-7-80255-795-6@dCNY32.00
100    @a20110707d2011 em y0chiy50 ea
101 0  @achi
102    @aCN@b110000
105    @ay z 000yy
106    @ar
200 1  @a财务报表阅读与分析@ACai Wu Bao Biao Yue Dou Yu Fen Xi@f梁玲玲编著@FLiang Ling Ling Bian Zhu
210    @a北京@c企业管理出版社@d2011
215    @a178页@d24cm
330    @a本书内容包括:会计信息使用者的必备——财务报表基础知识、企业财务状况的缩影——资产负债表、企业经营成果的汇报——利润表、企业血液循环的透视——现金流量表、企业所有者权益的体现——所有者权益变动表、企业财务信息的综合——财务报表分析等。
606 0  @a企业@x会计报表@x分析
606 0  @a企业
606 0  @a会计报表
690    @aF275.2@v5
701  0 @a梁玲玲@ALiang Ling Ling@4编著
801  0 @aCN@bTANGWEI@c20140603
905    @b0837811-13@dF275.2@e1099@f3
    
    财务报表阅读与分析/梁玲玲编著.-北京:企业管理出版社,2011
    178页;24cm
    
    
    ISBN 978-7-80255-795-6:CNY32.00
    本书内容包括:会计信息使用者的必备——财务报表基础知识、企业财务状况的缩影——资产负债表、企业经营成果的汇报——利润表、企业血液循环的透视——现金流量表、企业所有者权益的体现——所有者权益变动表、企业财务信息的综合——财务报表分析等。
●
相关链接 在E读中查询图书 在五车中查询图书 在当当中查询图书 在豆瓣中查询图书


正题名:财务报表阅读与分析     索取号:F275.2/1099         预约/预借

序号 登录号 条形码 馆藏地/架位号 状态 备注
1 0837811   208378110   第一样本阅览室/ [索取号:F275.2/1099] 在馆    
2 0837812   208378129   密集书库-海洋学院/ [索取号:F275.2/1099] 在馆    
3 0837813   208378138   第一借阅区/ [索取号:F275.2/1099] 在馆    
唐山师范学院图书馆 欢迎您!
大连网信软件有限公司© 版权所有